[Event "Open Alimini A"]
[Site "Otranto ITA"]
[Date "2011.05.24"]
[Round "4"]
[White "Du Plessis, Heinco"]
[Black "Palmitessa, Chiara"]
[WhiteElo "2120"]
[BlackElo "1927"]
[Result "1-0"]
[PlyCount "81"]
[EventDate "2011.05.21"]

1. e4 e5 2. Nf3 Nc6 3. d4 exd4 4. Nxd4 Nf6 5. Nxc6 bxc6 6. Bd3 d5 7. Qe2 Be7 8.
O-O O-O 9. e5 Nd7 10. f4 f5 11. Nd2 Nc5 12. Rf3 Ne6 13. Nb3 c5 14. c4 d4 15.
Bxf5 Ng5 16. fxg5 Bxf5 17. Bd2 Qd7 18. Re1 Be6 19. Nc1 Rae8 20. b3 Qc8 21. Ref1
Bg4 22. Rxf8+ Rxf8 23. Rxf8+ Bxf8 24. Qe4 Qf5 25. Qd5+ Qe6 26. h3 Qxd5 27. cxd5
Bf5 28. Ne2 Bb1 29. Ba5 Bxa2 30. Bxc7 Bxb3 31. d6 d3 32. Nc3 Be6 33. Kf2 Kf7
34. Ne4 c4 35. Ke3 Bc8 36. Nc5 Ke8 37. g4 g6 38. Kd2 Bg7 39. e6 Bd4 40. d7+
Bxd7 41. exd7+ 1-0

[Event "Open Alimini A"]
[Site "Otranto ITA"]
[Date "2011.05.24"]
[Round "4"]
[White "Kogan, Artur"]
[Black "Laketic, Gojko"]
[WhiteElo "2556"]
[BlackElo "2442"]
[Result "1-0"]
[PlyCount "51"]
[EventDate "2011.05.21"]

1. c4 c5 2. Nc3 Nc6 3. Nf3 g6 4. e3 Nf6 5. d4 cxd4 6. exd4 d5 7. cxd5 Nxd5 8.
Bc4 Nb6 9. Bb3 Bg7 10. Be3 O-O 11. d5 Na5 12. Bd4 Nxb3 13. axb3 e5 14. Bc5 Re8
15. O-O e4 16. Bxb6 Qxb6 17. Nd2 Bf5 18. Nc4 Qd8 19. d6 Bxc3 20. bxc3 b5 21.
Ne3 Be6 22. c4 a5 23. c5 Rc8 24. Qd4 Bd7 25. Nd5 Re6 26. Nb6 1-0

[Event "Open Alimini A"]
[Site "Otranto ITA"]
[Date "2011.05.24"]
[Round "4"]
[White "Korneev, Oleg"]
[Black "Bruno, Fabio"]
[WhiteElo "2573"]
[BlackElo "2459"]
[Result "1/2-1/2"]
[PlyCount "107"]
[EventDate "2011.05.21"]

1. e4 c5 2. Nf3 e6 3. c3 Nf6 4. e5 Nd5 5. d4 cxd4 6. cxd4 d6 7. Bc4 Nc6 8. O-O
Be7 9. Qe2 O-O 10. Rd1 Bd7 11. Bd2 Rc8 12. Nc3 Nxc3 13. Bxc3 d5 14. Bd3 f5 15.
exf6 gxf6 16. Qd2 Bd6 17. Re1 Rf7 18. Bf1 Qf8 19. g3 Re8 20. Bg2 b5 21. a3 a5
22. Bxa5 b4 23. axb4 Nxa5 24. bxa5 Bb4 25. Qe3 Bxe1 26. Nxe1 Bb5 27. Bf3 Rc7
28. Ng2 Qb4 29. Qf4 Qxb2 30. Re1 Rc4 31. Ne3 Qxd4 32. Nxc4 Qxf4 33. gxf4 Bxc4
34. Be2 Ra8 35. Bxc4 dxc4 36. Rxe6 Rxa5 37. Rc6 Kg7 38. Rxc4 Kg6 39. Kg2 Kf5
40. Kg3 Ra3+ 41. f3 Ra5 42. Rc7 h6 43. Rc8 Rb5 44. Rh8 Kg6 45. Kg4 h5+ 46. Kh4
Rf5 47. Kg3 Rb5 48. h3 Kg7 49. Rd8 Kg6 50. h4 Kf5 51. Rh8 Kg6 52. Kf2 Ra5 53.
Ke3 Ra3+ 54. Kf2 1/2-1/2

[Event "Open Alimini A"]
[Site "Otranto ITA"]
[Date "2011.05.24"]
[Round "4"]
[White "Lanzani, Mario"]
[Black "Altini, Nicola"]
[WhiteElo "2373"]
[BlackElo "2206"]
[Result "1-0"]
[PlyCount "50"]
[EventDate "2011.05.21"]

1. e4 c5 2. Nf3 g6 3. c4 Nc6 4. d4 cxd4 5. Nxd4 Nf6 6. Nc3 Nxd4 7. Qxd4 d6 8.
Bg5 Bg7 9. Qd2 O-O 10. Bd3 a5 11. O-O a4 12. b4 axb3 13. axb3 Rxa1 14. Rxa1 Qb6
15. Bc2 Be6 16. Ra4 Ng4 17. Nb5 Be5 18. Bxe7 Bxh2+ 19. Kf1 Re8 20. Bg5 Be5 21.
Bd1 h6 22. Bxg4 hxg5 23. Bxe6 Rxe6 24. Ra8+ Kg7 25. Qxg5 Rf6 1-0

[Event "Open Alimini A"]
[Site "Otranto ITA"]
[Date "2011.05.24"]
[Round "4"]
[White "Lazic, Miroljub"]
[Black "Godena, Michele"]
[WhiteElo "2471"]
[BlackElo "2528"]
[Result "1/2-1/2"]
[PlyCount "23"]
[EventDate "2011.05.21"]

1. e4 e5 2. Nf3 Nc6 3. Bc4 Bc5 4. c3 Nf6 5. d3 d6 6. Bb3 a6 7. O-O O-O 8. Nbd2
Ba7 9. h3 Ne7 10. Re1 Ng6 11. Nf1 b5 12. Ng3 1/2-1/2

[Event "Open Alimini A"]
[Site "Otranto ITA"]
[Date "2011.05.24"]
[Round "4"]
[White "Messina, Roberta"]
[Black "O'Leary, Matt"]
[WhiteElo "1897"]
[BlackElo "2007"]
[Result "1-0"]
[PlyCount "47"]
[EventDate "2011.05.21"]

1. d4 Nf6 2. Nc3 d5 3. Bg5 e6 4. e4 dxe4 5. Nxe4 Be7 6. Bxf6 Bxf6 7. Nf3 Nc6 8.
c3 Bd7 9. Bd3 Qe7 10. O-O O-O-O 11. Nc5 Nb8 12. b4 Bc6 13. b5 Bxf3 14. Qxf3 c6
15. Be4 Nd7 16. Nxb7 Kxb7 17. bxc6+ Kc7 18. cxd7 Qxd7 19. Rab1 Rb8 20. Qd3 Qa4
21. Qg3+ e5 22. dxe5 Bh4 23. Qxh4 Rxb1 24. Qe7+ 1-0

[Event "Open Alimini A"]
[Site "Otranto ITA"]
[Date "2011.05.24"]
[Round "4"]
[White "Naumkin, Igor"]
[Black "Brunello, Sabino"]
[WhiteElo "2506"]
[BlackElo "2537"]
[Result "1/2-1/2"]
[PlyCount "43"]
[EventDate "2011.05.21"]

1. d4 Nf6 2. c4 g6 3. Nc3 d5 4. Nf3 Bg7 5. cxd5 Nxd5 6. Bd2 Nb6 7. e3 O-O 8.
Be2 Nc6 9. O-O e5 10. Nxe5 Nxe5 11. dxe5 Bxe5 12. Qc2 c6 13. e4 Be6 14. Rae1
Qh4 15. g3 Qe7 16. f4 Bd4+ 17. Kg2 Rad8 18. b3 Qc5 19. Qc1 f5 20. Bf3 Rd7 21.
exf5 Bxf5 22. Ne4 1/2-1/2

[Event "Open Alimini A"]
[Site "Otranto ITA"]
[Date "2011.05.24"]
[Round "4"]
[White "Piscopo, Pierluigi"]
[Black "Adrian, Claude"]
[WhiteElo "2417"]
[BlackElo "2267"]
[Result "0-1"]
[PlyCount "70"]
[EventDate "2011.05.21"]

1. e4 e6 2. Qe2 c5 3. Nf3 Nc6 4. g3 g6 5. Bg2 Bg7 6. O-O Nge7 7. c3 O-O 8. d4
cxd4 9. cxd4 d5 10. Nc3 dxe4 11. Nxe4 Nf5 12. Bg5 Qb6 13. Rfd1 Ncxd4 14. Nxd4
Nxd4 15. Qe3 e5 16. Be7 Bg4 17. Bxf8 Rxf8 18. Rd2 Rc8 19. Nc3 Be6 20. Rad1 h5
21. Qe4 Bh6 22. Qxe5 Bxd2 23. Rxd2 Rxc3 24. h4 Rc1+ 25. Kh2 Nc6 26. Qf6 Qa5 27.
Rd6 Qe1 28. g4 Bxg4 29. Kg3 Qe5+ 30. Qxe5 Nxe5 31. Bxb7 Kg7 32. a4 Rb1 33. Ra6
Rxb2 34. Rxa7 Rb3+ 35. Kf4 Nd3+ 0-1

[Event "Open Alimini A"]
[Site "Otranto ITA"]
[Date "2011.05.24"]
[Round "4"]
[White "Sreeves, Clement"]
[Black "Quaranta, Cristiano"]
[WhiteElo "2173"]
[BlackElo "2110"]
[Result "1/2-1/2"]
[PlyCount "153"]
[EventDate "2011.05.21"]

1. e4 c5 2. Nf3 d6 3. d4 cxd4 4. Nxd4 Nf6 5. Nc3 a6 6. Be3 e5 7. Nb3 Be6 8. f3
Be7 9. Qd2 O-O 10. O-O-O a5 11. Bb5 Na6 12. Qe2 Qb8 13. Bg5 Rc8 14. Bxf6 Bxf6
15. Kb1 Nc7 16. a4 Nxb5 17. Nxb5 Bc4 18. Qd2 Bxb5 19. axb5 a4 20. Nc1 Qc7 21.
Na2 a3 22. b3 Bg5 23. Qd3 Be3 24. c3 Qb6 25. Rhe1 Bc5 26. b4 Bf2 27. Re2 Bh4
28. c4 Ra4 29. Qb3 Rca8 30. Nc3 a2+ 31. Rxa2 Rxa2 32. Nxa2 Qf2 33. Qb2 Qe3 34.
Nc3 Rc8 35. Nd5 Qa7 36. Rc1 Bg5 37. b6 Qa6 38. Qc3 Ra8 39. Rc2 Bd8 40. b5 Qa4
41. Kc1 Rc8 42. Kd2 Kf8 43. Kd3 Ra8 44. Ke2 Rc8 45. Kd3 Ra8 46. g3 h6 47. f4
exf4 48. gxf4 Bh4 49. Ke2 Rc8 50. Kd2 Re8 51. Kd3 Ra8 52. Qb2 Qa5 53. Rg2 f6
54. Nc7 Qa3+ 55. Qxa3 Rxa3+ 56. Kd4 Kf7 57. Nd5 Be1 58. Re2 Bh4 59. Nc3 Ke6 60.
Kd3 f5 61. Kc2 fxe4 62. Nxe4 Ra2+ 63. Kd3 Rxe2 64. Kxe2 Bd8 65. c5 dxc5 66.
Nxc5+ Kd5 67. Nxb7 Bxb6 68. Kf3 Bc7 69. Kg4 g6 70. h4 Bb6 71. f5 gxf5+ 72. Kxf5
h5 73. Kg5 Ke6 74. Kxh5 Kd7 75. Kg4 Kc7 76. h5 Kxb7 77. h6 1/2-1/2

[Event "Open Alimini A"]
[Site "Otranto ITA"]
[Date "2011.05.24"]
[Round "5"]
[White "Adrian, Claude"]
[Black "Conquest, Stuart C."]
[WhiteElo "2267"]
[BlackElo "2532"]
[Result "1-0"]
[PlyCount "75"]
[EventDate "2011.05.21"]

1. c4 e5 2. g3 Nf6 3. Bg2 h6 4. Nc3 Bb4 5. e4 Bxc3 6. dxc3 d6 7. Qe2 Bg4 8. Nf3
Nc6 9. h3 Be6 10. Nd2 Qd7 11. Nf1 Ne7 12. Ne3 Ng6 13. b3 Rd8 14. Ba3 b6 15. Rd1
O-O 16. Bc1 Nh7 17. h4 Ne7 18. O-O Rde8 19. f4 exf4 20. gxf4 Qc8 21. f5 Bd7 22.
Qf3 Kh8 23. Nd5 Nxd5 24. cxd5 Nf6 25. Qf4 Qa6 26. Rf2 b5 27. Be3 Kh7 28. Bd4
Rg8 29. Bf3 Qc8 30. Kh1 a5 31. Rg1 Qd8 32. Rfg2 c5 33. Be3 Kh8 34. Bd2 Re5 35.
c4 b4 36. Bc1 Be8 37. Bb2 Nd7 38. Qxh6+ 1-0

[Event "Open Alimini A"]
[Site "Otranto ITA"]
[Date "2011.05.24"]
[Round "5"]
[White "Bonanno, Alessandro"]
[Black "Piscopo, Pierluigi"]
[WhiteElo "2142"]
[BlackElo "2417"]
[Result "1/2-1/2"]
[PlyCount "52"]
[EventDate "2011.05.21"]

1. e4 c5 2. Nf3 Nc6 3. d4 cxd4 4. Nxd4 e5 5. Nb5 d6 6. N1c3 a6 7. Na3 Be7 8.
Nc4 b5 9. Ne3 Nf6 10. g3 O-O 11. Bg2 b4 12. Ncd5 Nxd5 13. Nxd5 Bg5 14. O-O Bxc1
15. Rxc1 Be6 16. c3 bxc3 17. bxc3 Qa5 18. Qd2 Rab8 19. Rfd1 Rfd8 20. Rc2 Qa4
21. Qe2 Na5 22. Bf1 Nb7 23. Rcd2 Nc5 24. f3 Kf8 25. Nc7 Rb6 26. Nd5 Rbb8
1/2-1/2

[Event "Open Alimini A"]
[Site "Otranto ITA"]
[Date "2011.05.24"]
[Round "5"]
[White "Brunello, Marina"]
[Black "Navarro Lopez-Menchero, Daniel"]
[WhiteElo "2177"]
[BlackElo "2137"]
[Result "1-0"]
[PlyCount "95"]
[EventDate "2011.05.21"]

1. e4 c5 2. c3 b6 3. d4 Bb7 4. Bd3 Nf6 5. Qe2 e6 6. Nf3 Be7 7. O-O Nc6 8. a3 d5
9. e5 Nd7 10. b3 Rc8 11. Bb2 Na5 12. Nbd2 Nxb3 13. Nxb3 c4 14. Bc2 cxb3 15.
Bxb3 Nb8 16. Rac1 O-O 17. Nd2 Ba6 18. c4 Nc6 19. Ba2 Na5 20. Rc3 Qc7 21. Rfc1
Bg5 22. Rg3 Bh6 23. Bb1 Nxc4 24. Qh5 Kh8 25. Nxc4 Bxc4 26. Rcc3 f5 27. exf6
Rxf6 28. Bc1 Qf7 29. Qd1 Bxc1 30. Qxc1 Rf8 31. Rcf3 Rxf3 32. Rxf3 Qg8 33. Rh3
g6 34. Qe3 Rf6 35. Qe5 Kg7 36. Rf3 Qf7 37. g4 h6 38. h4 Be2 39. Rf4 Bxg4 40.
Rxg4 Kf8 41. Rg2 g5 42. hxg5 hxg5 43. Qxg5 b5 44. Qe5 Rh6 45. Qb8+ Ke7 46.
Qxa7+ Kf6 47. Qxf7+ Kxf7 48. Rg3 1-0

[Event "Open Alimini A"]
[Site "Otranto ITA"]
[Date "2011.05.24"]
[Round "5"]
[White "Bruno, Fabio"]
[Black "Kogan, Artur"]
[WhiteElo "2459"]
[BlackElo "2556"]
[Result "1/2-1/2"]
[PlyCount "32"]
[EventDate "2011.05.21"]

1. d4 d5 2. Nf3 Nf6 3. Bg5 Ne4 4. Bf4 c6 5. e3 Bf5 6. Be2 e6 7. O-O Bd6 8. Bxd6
Qxd6 9. c4 Nd7 10. Nc3 h6 11. Rc1 O-O 12. Nd2 Nxd2 13. Qxd2 Nf6 14. cxd5 exd5
15. Bd3 Bxd3 16. Qxd3 Ng4 1/2-1/2

[Event "Open Alimini A"]
[Site "Otranto ITA"]
[Date "2011.05.24"]
[Round "5"]
[White "Casadei, Mauro"]
[Black "Messina, Roberta"]
[WhiteElo "2174"]
[BlackElo "1897"]
[Result "1-0"]
[PlyCount "53"]
[EventDate "2011.05.21"]

1. c4 e5 2. g3 Nf6 3. Bg2 d5 4. cxd5 Nxd5 5. Nc3 Nb6 6. Nf3 Nc6 7. O-O Be7 8.
a3 a5 9. d3 O-O 10. Be3 Be6 11. Na4 Nxa4 12. Qxa4 f6 13. Rac1 Rb8 14. Qb5 Qc8
15. d4 Nxd4 16. Nxd4 exd4 17. Bxd4 Rd8 18. Bb6 Rd7 19. Ba7 c6 20. Bxb8 Qxb8 21.
Rxc6 Bf7 22. Rfc1 Qe8 23. Rb6 Bd8 24. Rxb7 Rxb7 25. Qxe8+ Bxe8 26. Bxb7 Kf7 27.
Bc6 1-0

[Event "Open Alimini A"]
[Site "Otranto ITA"]
[Date "2011.05.24"]
[Round "5"]
[White "Dvirnyy, Danyyil"]
[Black "Zielinski, Werner"]
[WhiteElo "2448"]
[BlackElo "2137"]
[Result "1-0"]
[PlyCount "46"]
[EventDate "2011.05.21"]

1. e4 c5 2. Nf3 Nc6 3. d4 cxd4 4. Nxd4 g6 5. Nc3 Bg7 6. Be3 Nf6 7. f4 d5 8. Bb5
O-O 9. Bxc6 bxc6 10. Nxc6 Qc7 11. exd5 Ng4 12. Bd4 Qxf4 13. g3 Qc7 14. Bxg7
Kxg7 15. Qd4+ f6 16. O-O-O e5 17. dxe6 Bxe6 18. Qd6 Qf7 19. Rhe1 Rfe8 20. Nb5
Bf5 21. Nc7 Rxe1 22. Rxe1 Qc4 23. Nd4 Rc8 1-0

[Event "Open Alimini A"]
[Site "Otranto ITA"]
[Date "2011.05.24"]
[Round "5"]
[White "Glek, Igor V."]
[Black "Prakken, Gerrit"]
[WhiteElo "2424"]
[BlackElo "2212"]
[Result "0-1"]
[PlyCount "60"]
[EventDate "2011.05.21"]

1. e4 e6 2. f4 d5 3. e5 c5 4. Nf3 Nc6 5. c3 d4 6. Bd3 Nge7 7. O-O Ng6 8. g3 Be7
9. h4 f5 10. exf6 Bxf6 11. Qe2 Qc7 12. Ng5 Bxg5 13. hxg5 Bd7 14. Be4 O-O-O 15.
d3 Nge7 16. g4 g6 17. Na3 a6 18. b4 dxc3 19. bxc5 Nd4 20. Qf2 Qxc5 21. Be3 Ba4
22. Rfc1 Nec6 23. Nc4 c2 24. Bxc6 Bxc6 25. Rxc2 Kb8 26. Bxd4 Qxd4 27. Ne5 Qxa1+
28. Kh2 Bd5 29. Nc6+ Bxc6 30. Rxc6 Qd4 0-1

[Event "Open Alimini A"]
[Site "Otranto ITA"]
[Date "2011.05.24"]
[Round "5"]
[White "Godena, Michele"]
[Black "Plachkinova, Tatjana"]
[WhiteElo "2528"]
[BlackElo "2137"]
[Result "1-0"]
[PlyCount "91"]
[EventDate "2011.05.21"]

1. e4 e6 2. d4 d5 3. Nd2 Nf6 4. e5 Nfd7 5. Bd3 c5 6. c3 Nc6 7. Ne2 cxd4 8. cxd4
f6 9. exf6 Nxf6 10. Nf3 Bd6 11. O-O Qc7 12. Bg5 O-O 13. Bh4 e5 14. dxe5 Nxe5
15. Nxe5 Bxe5 16. Bg3 Bxg3 17. Nxg3 Be6 18. Qb3 Qf7 19. Qb4 Ng4 20. Rae1 Rad8
21. Qd4 Bc8 22. h3 Qf6 23. Qxa7 Ne5 24. Nh5 Nf3+ 25. gxf3 Qg5+ 26. Ng3 Bxh3 27.
Qe3 Rf4 28. Qe5 Qxe5 29. Rxe5 Bxf1 30. Kxf1 Rxf3 31. Ke2 Rf6 32. Nf5 d4 33. Re7
Kf8 34. Rxb7 g6 35. Ng3 Re8+ 36. Ne4 Rf4 37. Rxh7 Rfxe4+ 38. Bxe4 Rxe4+ 39. Kd3
Rf4 40. a4 Rxf2 41. a5 Rf6 42. b4 g5 43. b5 g4 44. b6 Kg8 45. Rh4 g3 46. b7 1-0

[Event "Open Alimini A"]
[Site "Otranto ITA"]
[Date "2011.05.24"]
[Round "5"]
[White "La Manna, Andrea"]
[Black "Sreeves, Clement"]
[WhiteElo "2199"]
[BlackElo "2173"]
[Result "1-0"]
[PlyCount "31"]
[EventDate "2011.05.21"]

1. d4 Nf6 2. c4 g6 3. Nc3 Bg7 4. e4 d6 5. f3 O-O 6. Be3 c5 7. d5 e6 8. Nge2
exd5 9. cxd5 Nbd7 10. Ng3 Ne5 11. f4 Neg4 12. Bd2 Re8 13. Bd3 c4 14. Bxc4 Nxe4
15. Ncxe4 f5 16. Be2 1-0

[Event "Open Alimini A"]
[Site "Otranto ITA"]
[Date "2011.05.24"]
[Round "5"]
[White "Laketic, Gojko"]
[Black "Codenotti, Marco"]
[WhiteElo "2442"]
[BlackElo "2284"]
[Result "0-1"]
[PlyCount "45"]
[EventDate "2011.05.21"]

1. Nf3 g6 2. e4 c5 3. d4 cxd4 4. Qxd4 Nf6 5. e5 Nc6 6. Qa4 Nd5 7. Qe4 Nb6 8.
Bf4 d5 9. exd6 Bf5 10. Qe2 Nd5 11. Bg3 Ndb4 12. Na3 Qa5 13. d7+ Kd8 14. Kd1 Bg7
15. Kc1 Bh6+ 16. Kb1 Qd5 17. Ne1 a6 18. f4 Nd4 19. Qe3 Ndxc2 20. Nexc2 Nxc2 21.
Qb6+ Kxd7 22. Bb5+ axb5 23. Nxc2 0-1

[Event "Open Alimini A"]
[Site "Otranto ITA"]
[Date "2011.05.24"]
[Round "5"]
[White "O'Leary, Matt"]
[Black "Palmitessa, Chiara"]
[WhiteElo "2007"]
[BlackElo "1927"]
[Result "0-1"]
[PlyCount "90"]
[EventDate "2011.05.21"]

1. d4 Nf6 2. Nf3 g6 3. g3 Bg7 4. Bg2 O-O 5. O-O d6 6. Nc3 Nbd7 7. e4 e5 8. Bg5
c6 9. Qd2 Qb6 10. dxe5 dxe5 11. a3 Qc7 12. Rfd1 Nc5 13. Qe2 b6 14. b4 Ba6 15.
Qe1 Ne6 16. Bc1 Rad8 17. Bb2 Nd4 18. Nxd4 exd4 19. Ne2 c5 20. Nf4 Rfe8 21. f3
g5 22. Nd3 Nd5 23. Bc1 h6 24. Qf2 Nc3 25. Re1 c4 26. Nb2 d3 27. Bf1 Bd4 28. Be3
Ne2+ 29. Bxe2 Bxb2 30. Rab1 Bc3 31. Bf1 Bxe1 32. Rxe1 Qe5 33. cxd3 cxd3 34. Qd2
Re7 35. f4 Qxe4 36. Bf2 Qb7 37. fxg5 Rxe1 38. Bxe1 Qd5 39. gxh6 Bb7 40. Kf2
Qf3+ 41. Kg1 Qh1+ 42. Kf2 Qxh2+ 43. Ke3 Qxh6+ 44. Kf2 Qh2+ 45. Ke3 Qg1+ 0-1

[Event "Open Alimini A"]
[Site "Otranto ITA"]
[Date "2011.05.24"]
[Round "5"]
[White "Pizzuto, Samuele Tullio"]
[Black "Ambrosanio, Raffaele"]
[WhiteElo "2136"]
[BlackElo "1956"]
[Result "0-1"]
[PlyCount "124"]
[EventDate "2011.05.21"]

1. e4 d6 2. d4 Nf6 3. Nc3 g6 4. g3 Bg7 5. Bg2 O-O 6. Nge2 e5 7. h3 Nc6 8. Be3
Bd7 9. O-O a6 10. a4 Re8 11. Qd2 exd4 12. Nxd4 Ne5 13. Qe2 Nc6 14. Nb3 Be6 15.
Rad1 Qd7 16. Kh2 Rad8 17. g4 Ne5 18. Nd2 Qc6 19. f4 Nexg4+ 20. hxg4 Nxg4+ 21.
Kh1 Bxc3 22. bxc3 Qxc3 23. Bg1 Qxc2 24. Rc1 Qb2 25. Bf3 h5 26. Rxc7 b5 27. axb5
axb5 28. Rf2 Nxf2+ 29. Bxf2 Rc8 30. Rb7 Bc4 31. Qe3 Qf6 32. Kg2 Qd8 33. Qd4 d5
34. e5 Ra8 35. Rb6 Ra3 36. Rd6 Qc8 37. Nxc4 dxc4 38. Bd5 Qg4+ 39. Kf1 Rd3 40.
Qe4 Rd1+ 41. Be1 Kg7 42. Qe3 Re7 43. Qf3 Rb1 44. Qxg4 hxg4 45. Ke2 Ra7 46. Bh4
Rb3 47. Bf6+ Kh6 48. Be4 Ra2+ 49. Kf1 Rbb2 50. Rd1 Rd2 51. Bg5+ Kg7 52. Re1 g3
53. Kg1 Re2 54. Bf6+ Kf8 55. Rd1 Red2 56. Rb1 b4 57. Bf3 b3 58. f5 gxf5 59. Bg5
Rf2 60. Rd1 Kg7 61. Bf6+ Kg6 62. Bd5 b2 0-1

[Event "Open Alimini A"]
[Site "Otranto ITA"]
[Date "2011.05.24"]
[Round "5"]
[White "Quaranta, Cristiano"]
[Black "Du Plessis, Heinco"]
[WhiteElo "2110"]
[BlackElo "2120"]
[Result "1-0"]
[PlyCount "115"]
[EventDate "2011.05.21"]

1. d4 Nf6 2. c4 c5 3. d5 e5 4. Nc3 d6 5. e4 Be7 6. g3 h5 7. Nf3 a6 8. Qc2 Bg4
9. Bg2 Qc8 10. h3 Bd7 11. a4 Nh7 12. a5 O-O 13. Na4 Bd8 14. Bd2 f5 15. Nc3 f4
16. gxf4 exf4 17. h4 Bg4 18. Ne2 Nf6 19. Ra3 Re8 20. Ng5 f3 21. Bxf3 Nbd7 22.
Bxg4 hxg4 23. Ne6 Ne5 24. Bf4 Rxe6 25. dxe6 Qxe6 26. Bxe5 Qxe5 27. Ng3 Nd7 28.
Kd1 Nb8 29. Qd2 Nc6 30. Qd5+ Qxd5+ 31. cxd5 Nxa5 32. Nf5 Nc4 33. Rg3 Nxb2+ 34.
Kc2 Nc4 35. Rxg4 Bf6 36. Rhg1 Ne5 37. R4g2 Nf3 38. Rxg7+ Bxg7 39. Rxg7+ Kh8 40.
Rxb7 Rg8 41. Nxd6 Rg2 42. Nf7+ Kg8 43. Nh6+ Kh8 44. d6 Rxf2+ 45. Kc3 Ne5 46.
Re7 Rf3+ 47. Kc2 Nc6 48. Nf5 Kg8 49. d7 Kf8 50. Re8+ Kf7 51. d8=Q Nxd8 52. Rxd8
Rf4 53. Rc8 Ke6 54. Kd3 Rf3+ 55. Ke2 Rc3 56. h5 Kf6 57. h6 Kg6 58. Rc6+ 1-0

[Event "Open Alimini A"]
[Site "Otranto ITA"]
[Date "2011.05.24"]
[Round "5"]
[White "Sbarra, Marco"]
[Black "Antkowiak, Grzegorz"]
[WhiteElo "2278"]
[BlackElo "2211"]
[Result "1-0"]
[PlyCount "75"]
[EventDate "2011.05.21"]

1. d4 d5 2. c4 e6 3. Nc3 Nf6 4. cxd5 exd5 5. Bg5 c6 6. e3 Bf5 7. Qf3 Bg6 8.
Bxf6 Qxf6 9. Qxf6 gxf6 10. O-O-O Bd6 11. Bd3 Bxd3 12. Rxd3 f5 13. Nf3 Ke7 14.
Nh4 Ke6 15. Ne2 Nd7 16. Ng3 Bxg3 17. hxg3 h5 18. Nf3 Nf6 19. Kd2 Rac8 20. Ke2
Rc7 21. Ng5+ Kd6 22. Nh3 c5 23. dxc5+ Rxc5 24. Rhd1 Rc2+ 25. R1d2 Rxd2+ 26.
Rxd2 Rc8 27. Nf4 Rc5 28. Nd3 Rc4 29. b3 Rc3 30. Ne1 Ne4 31. Rb2 Rc1 32. Nd3 Ra1
33. Kf3 Rd1 34. Nf4 Nf6 35. Rc2 Ra1 36. Nh3 Ne4 37. Kf4 Ke6 38. f3 1-0

[Event "Open Alimini A"]
[Site "Otranto ITA"]
[Date "2011.05.24"]
[Round "5"]
[White "Shytaj, Luca"]
[Black "Lanzani, Mario"]
[WhiteElo "2494"]
[BlackElo "2373"]
[Result "1/2-1/2"]
[PlyCount "125"]
[EventDate "2011.05.21"]

1. e4 c5 2. Nf3 d6 3. d4 cxd4 4. Nxd4 Nf6 5. Nc3 a6 6. h3 e5 7. Nde2 Be6 8. g4
d5 9. exd5 Nxd5 10. Bg2 Nxc3 11. Qxd8+ Kxd8 12. Nxc3 Kc7 13. Nd5+ Bxd5 14. Bxd5
f6 15. Be3 Nd7 16. O-O-O Rd8 17. Be4 b6 18. Rd3 Bc5 19. Rhd1 h6 20. Rc3 Kb8 21.
Rcd3 Kc7 22. Rc3 Kb8 23. Bf5 Bxe3+ 24. fxe3 Nc5 25. Rxd8+ Rxd8 26. b4 Na4 27.
Rc6 Rh8 28. c4 h5 29. gxh5 Rxh5 30. Bc2 b5 31. Rxa6 Rxh3 32. cxb5 Rh1+ 33. Kd2
Rh2+ 34. Kd3 e4+ 35. Kxe4 Rxc2 36. Rxa4 Kb7 37. Ra6 Rc4+ 38. Kd5 Rxb4 39. Kc5
Re4 40. Rd6 Re5+ 41. Rd5 Re7 42. a4 g5 43. Rf5 Re6 44. a5 g4 45. Kd4 g3 46. Rf3
Re5 47. Rxf6 Rxb5 48. a6+ Kc7 49. Rf7+ Kb6 50. a7 Ra5 51. Rg7 Rxa7 52. Rxg3 Re7
53. Rg5 Kc6 54. Ra5 Rd7+ 55. Ke4 Re7+ 56. Re5 Rh7 57. Rg5 Kd6 58. Rg6+ Ke7 59.
Ra6 Rh4+ 60. Kd5 Rh5+ 61. Kd4 Rh4+ 62. e4 Rh5 63. e5 1/2-1/2

[Event "Open Alimini A"]
[Site "Otranto ITA"]
[Date "2011.05.24"]
[Round "5"]
[White "Thorfinnsson, Bjorn"]
[Black "Drazic, Sinisa"]
[WhiteElo "2415"]
[BlackElo "2486"]
[Result "0-1"]
[PlyCount "184"]
[EventDate "2011.05.21"]

1. d4 d5 2. c4 dxc4 3. Nf3 Nf6 4. e3 Be6 5. Qc2 Bd5 6. Nbd2 e6 7. e4 Bc6 8.
Bxc4 Bb4 9. Bd3 Ba5 10. O-O Bb6 11. Nc4 h6 12. h3 Bxd4 13. Nxd4 Qxd4 14. Be3
Qd8 15. Bc5 Nfd7 16. Ba3 a5 17. b3 b5 18. Ne3 b4 19. Bb2 O-O 20. Rad1 Qh4 21.
f4 a4 22. f5 axb3 23. axb3 Ra2 24. Qb1 Ra5 25. Nc4 Ra8 26. Qc1 Nc5 27. Bb1 Nbd7
28. Ne5 Bb5 29. Rf4 Qe7 30. Nxd7 Nxd7 31. Rg4 f6 32. Qxh6 exf5 33. exf5 Be2 34.
Re1 Qc5+ 35. Bd4 Bxg4 36. Bxc5 gxh6 37. Bxf8 Kxf8 38. hxg4 Ra1 39. Kf2 Ne5 40.
Rh1 Nxg4+ 41. Kf3 Ne5+ 42. Ke4 Ke7 43. g3 h5 44. Rd1 c6 45. Bc2 Ra2 46. Rc1 Kd6
47. Rd1+ Kc5 48. Rc1 Kb6 49. Kd4 Rb2 50. Ke4 Nf7 51. Kd3 Ne5+ 52. Ke4 Kc7 53.
Kd4 Kd6 54. Ke4 Nd7 55. Kd4 Ne5 56. Ke4 Ra2 57. Rd1+ Ke7 58. Rc1 Ra8 59. Rh1
Rg8 60. Rh3 Rg4+ 61. Ke3 Rg5 62. Kf4 Rg4+ 63. Ke3 Kd6 64. Bd1 Rg5 65. Kf4 Nd3+
66. Ke3 Ne5 67. Kf4 Ng4 68. Be2 c5 69. Rh1 Ne5 70. Ra1 h4 71. Ra6+ Ke7 72. gxh4
Rg2 73. Bh5 c4 74. bxc4 b3 75. Rb6 b2 76. Bf3 Rf2 77. Ke4 Nxf3 78. Ke3 Rf1 79.
Rxb2 Nxh4 80. Rb7+ Kd6 81. Rb6+ Ke5 82. Rb5+ Kd6 83. Ke4 Re1+ 84. Kf4 Rf1+ 85.
Ke4 Nf3 86. Rb6+ Ke7 87. Rb7+ Ke8 88. Kd5 Ng5 89. c5 Rxf5+ 90. Kc6 Ne4 91. Rb5
Ke7 92. Ra5 Ke6 0-1

[Event "Open Alimini A"]
[Site "Otranto ITA"]
[Date "2011.05.25"]
[Round "6"]
[White "Ambrosanio, Raffaele"]
[Black "Bonanno, Alessandro"]
[WhiteElo "1956"]
[BlackElo "2142"]
[Result "0-1"]
[PlyCount "70"]
[EventDate "2011.05.21"]

1. c4 e5 2. Nc3 c5 3. g3 Nc6 4. Bg2 g6 5. e3 Bg7 6. Nge2 Nge7 7. a3 d6 8. Rb1
a5 9. Nd5 O-O 10. Nec3 f5 11. O-O Be6 12. d3 Rb8 13. Bd2 Kh8 14. Qe2 g5 15. Nb5
Ng6 16. f4 exf4 17. exf4 gxf4 18. Qxe6 fxg3 19. hxg3 Be5 20. Rxf5 Re8 21. Rxe5
Rxe6 22. Rxe6 Qg8 23. Rbe1 Nge5 24. Rxd6 Qxg3 25. Re3 Qg5 26. Bc3 Rg8 27. Re2
Qg4 28. Rd2 Nd4 29. Nxd4 cxd4 30. Nf6 Nf3+ 31. Kf1 Nxd2+ 32. Ke1 Qg3+ 33. Kxd2
Qxg2+ 34. Kd1 dxc3 35. bxc3 Qh1+ 0-1

[Event "Open Alimini A"]
[Site "Otranto ITA"]
[Date "2011.05.25"]
[Round "6"]
[White "Boffa, Mauro"]
[Black "Glek, Igor V."]
[WhiteElo "2126"]
[BlackElo "2424"]
[Result "1/2-1/2"]
[PlyCount "92"]
[EventDate "2011.05.21"]

1. d4 e6 2. c4 f5 3. g3 Nf6 4. Bg2 d5 5. Nf3 c6 6. Nbd2 Bd6 7. Rb1 Qe7 8. Ne5
Bxe5 9. dxe5 Ng4 10. Nf3 Nd7 11. Bf4 Qb4+ 12. Qd2 Qxd2+ 13. Bxd2 Ngxe5 14. Nxe5
Nxe5 15. cxd5 exd5 16. Bc3 Nc4 17. Bxg7 Rg8 18. Bh6 Be6 19. Bf4 a5 20. O-O a4
21. Rfd1 Ke7 22. f3 c5 23. e3 Kf6 24. Bf1 Ne5 25. Be2 c4 26. Rd2 Rgc8 27. Kf2
b5 28. a3 b4 29. axb4 Rab8 30. g4 fxg4 31. fxg4 Rxb4 32. g5+ Kf5 33. Rg1 c3 34.
bxc3 Rxc3 35. h4 d4 36. g6 dxe3+ 37. Bxe3 hxg6 38. Bd4 Rxd4 39. Rxd4 a3 40.
Bg4+ Nxg4+ 41. Rdxg4 a2 42. Ra4 Bc4 43. Rg3 Rc2+ 44. Kf3 Rh2 45. Rg5+ Kf6 46.
Kg3 Rb2 1/2-1/2

[Event "Open Alimini A"]
[Site "Otranto ITA"]
[Date "2011.05.25"]
[Round "6"]
[White "Conquest, Stuart C."]
[Black "Dvirnyy, Danyyil"]
[WhiteElo "2532"]
[BlackElo "2448"]
[Result "1/2-1/2"]
[PlyCount "71"]
[EventDate "2011.05.21"]

1. c4 Nf6 2. Nc3 g6 3. g3 Bg7 4. Bg2 O-O 5. e4 c5 6. Nge2 Nc6 7. d3 d6 8. O-O
Ne8 9. Be3 Nc7 10. Qd2 Ne6 11. Bh6 Ned4 12. Nxd4 Nxd4 13. Bxg7 Kxg7 14. f4 e5
15. Rf2 f6 16. Raf1 a5 17. Nd5 Ra6 18. h3 Rf7 19. Kh2 Be6 20. fxe5 fxe5 21. Nf6
Ra8 22. Qg5 Kh8 23. h4 Qe7 24. Qh6 Qf8 25. Qd2 h5 26. Bh3 Qg7 27. Bxe6 Nxe6 28.
Nd5 Raf8 29. Kg2 Nd4 30. Qg5 Rxf2+ 31. Rxf2 Rxf2+ 32. Kxf2 Qf7+ 33. Qf6+ Kg8
34. Ke3 Qxf6 35. Nxf6+ Kf7 36. Nd5 1/2-1/2